The Access to Neighbouring Land Act handbook (Record no. 103381)
[ view plain ]
| 000 -LEADER | |
|---|---|
| fixed length control field | 01123cam a2200253 4500 |
| 008 - FIXED-LENGTH DATA ELEMENTS--GENERAL INFORMATION | |
| fixed length control field | 040308n2003 000 0 eng u |
| 020 ## - INTERNATIONAL STANDARD BOOK NUMBER | |
| International Standard Book Number | 1898383758 |
| 035 ## - SYSTEM CONTROL NUMBER | |
| System control number | (Sirsi) u125366 |
| 041 ## - LANGUAGE CODE | |
| Language code of text/sound track or separate title | eng |
| 050 ## - LIBRARY OF CONGRESS CALL NUMBER | |
| Classification number | 346.410435 |
| -- | 18 |
| 100 ## - MAIN ENTRY--PERSONAL NAME | |
| Personal name | Matthews, Tina |
| 245 #4 - TITLE STATEMENT | |
| Title | The Access to Neighbouring Land Act handbook |
| 260 ## - PUBLICATION, DISTRIBUTION, ETC. | |
| Place of publication, distribution, etc. | [S.l.] |
| Name of publisher, distributor, etc. | Estates Gazette |
| Date of publication, distribution, etc. | 2003 |
| 300 ## - PHYSICAL DESCRIPTION | |
| Extent | 212p. |
| Dimensions | 21cm. |
| 350 ## - PRICE (NR) (BK AM CF MU VM SE) [OBSOLETE] | |
| Price | 25 |
| 490 ## - SERIES STATEMENT | |
| Series statement | Estates Gazette Need to Know Series |
| Volume/sequential designation | 12 |
| 520 ## - SUMMARY, ETC. | |
| Summary, etc. | This practical guide describes the law relating to access to neighbouring land. Outines the position prior to the Access to Neighbouring Land Act 1992 (ANLA), the history of the ANLA and offers a word of caution to the conveyancing lawyer. The remaining chapters provide a section by section interpretation of the ANLA. Appendices include relevant statutes, definitions and interpretations, checklists, case law and precedents. |
| 650 ## - SUBJECT ADDED ENTRY--TOPICAL TERM | |
| Topical term or geographic name entry element | ACCESS TO NEIGHBOURING LAND ACT 1992 |
| 650 ## - SUBJECT ADDED ENTRY--TOPICAL TERM | |
| Topical term or geographic name entry element | ACCESS ORDERS |
| 650 ## - SUBJECT ADDED ENTRY--TOPICAL TERM | |
| Topical term or geographic name entry element | NEIGHBOURING LAND |
| 690 ## - LOCAL SUBJECT ADDED ENTRY--TOPICAL TERM (OCLC, RLIN) | |
| Topical term or geographic name as entry element | Boundary disputes |
| 9 (RLIN) | 6221 |
| 700 ## - ADDED ENTRY--PERSONAL NAME | |
| Personal name | Vegoda, Victor H. |
| International Standard Serial Number | Editor |
| 942 ## - ADDED ENTRY ELEMENTS (KOHA) | |
| Suppress in OPAC | 0 |
| Withdrawn status | Lost status | Damaged status | Not for loan | Home library | Current library | Shelving location | Date acquired | Cost, normal purchase price | Total Checkouts | Full call number | Barcode | Date last seen | Date last checked out | Copy number | Cost, replacement price | Price effective from | Koha item type | Source of classification or shelving scheme |
|---|---|---|---|---|---|---|---|---|---|---|---|---|---|---|---|---|---|---|
| Missing | London | London | Missing | 24/03/2004 | 25.00 | 19 | 346.410435 MAT | 30068823 | 06/08/2019 | 27/01/2010 | 1 | 25.00 | 06/08/2019 | Book | ||||
| London | London | Books | 26/04/2004 | 18 | 346.410435 MAT | 30069186 | 06/08/2019 | 20/05/2008 | 2 | 06/08/2019 | Book | Dewey Decimal Classification |